000 00706cam a2200241 a 4500
001 17057711
005 20180215040347.0
008 111125s2013 nyuab b 001 0 eng
010 _a 2011047919
020 _a9780393918830 (pbk.)
040 _aDLC
_cDLC
_dDLC
041 _aeng
042 _apcc
080 _a301 GID
082 0 0 _a301 GID
_223
100 _a50
101 _aSOC
245 0 0 _aEssentials of sociology /
_cAnthony Giddens ... [et al.].
504 _aIncludes bibliographical references and index.
906 _a7
_bcbc
_corignew
_d1
_eecip
_f20
_gy-gencatlg
942 _2ddc
_cBK
999 _c42599
_d42599